Sports Quiz

Random Sports or Grab Bag Quiz

Kentucky Derby Winners Quiz Stats

 Plays Quiz Updated May 7, 2018

Challenge
Share
Tweet
Embed
Score 0/144 Timer 15:00
0 Plays Today
Year Horse % Correct
1973Secretariat
83.7%
2018Justify
80.3%
2015American Pharoah
77.3%
2014California Chrome
69%
2008Big Brown
68.3%
1977Seattle Slew
66.8%
2013Orb
65.6%
2012I'll Have Another
65.1%
2006Barbaro
63.8%
2016Nyquist
63.2%
1978Affirmed
62.8%
2004Smarty Jones
59.8%
2009Mine that Bird
59.8%
2017Always Dreaming
56.3%
1937War Admiral
55.5%
2003Funny Cide
51.9%
2002War Emblem
50.8%
1948Citation
50.2%
2007Street Sense
48.6%
2005Giacomo
48.3%
1997Silver Charm
46.6%
1998Real Quiet
45.5%
2000Fusaichi Pegasus
44.6%
1941Whirlaway
44.1%
1988Winning Colors
44.1%
1999Charismatic
43.7%
1989Sunday Silence
43.3%
1919Sir Barton
43.2%
1987Alysheba
42.6%
2001Monarchos
42.2%
1875Aristides
41.5%
1979Spectacular Bid
41.2%
1995Thunder Gulch
41.2%
1935Omaha
41.1%
1992Lil E. Tee
40%
1986Ferdinand
40%
1930Gallant Fox
39.7%
1964Northern Dancer
39.6%
1943Count Fleet
39.6%
1972Riva Ridge
39.2%
1994Go for Gin
39.1%
1990Unbridled
38.9%
1996Grindstone
38.9%
1980Genuine Risk
38.8%
1946Assault
38.6%
1993Sea Hero
37.9%
1984Swale
37.6%
1915Regret
36.7%
Year Horse % Correct
1975Foolish Pleasure
36.1%
1982Gato Del Sol
35.9%
1991Strike the Gold
35.7%
1985Spend A Buck
35.4%
1971Canonero II
35.3%
1955Swaps
35.2%
1974Cannonade
35.1%
1976Bold Forbes
35%
1953Dark Star
34.9%
2010Super Saver
34.8%
1983Sunny's Halo
34.4%
1981Pleasant Colony
34.3%
1968Forward Pass
34%
1958Tim Tam
34%
1969Majestic Prince
33.8%
1877Baden-Baden
33.8%
1923Zev
33.5%
1924Black Gold
33.3%
1876Vagrant
33.2%
1970Dust Commander
32.8%
1932Burgoo King
32.8%
1878Day Star
32.7%
1882Apollo
32.6%
1956Needles
32.6%
1907Pink Star
32.3%
1966Kauai King
32%
1920Paul Jones
31%
1881Hindoo
30.6%
1944Pensive
30.6%
1918Exterminator
30.5%
1888Macbeth II
30.4%
1947Jet Pilot
30.3%
1951Count Turf
30.1%
1959Tomy Lee
30%
1967Proud Clarion
29.8%
1949Ponder
29.7%
1925Flying Ebony
29.5%
2011Animal Kingdom
29.5%
1945Hoop Jr.
29.4%
1957Iron Liege
29.3%
1962Decidedly
29.3%
1913Donerail
29.2%
1916George Smith
29%
1931Twenty Grand
28.9%
1963Chateaugay
28.8%
1965Lucky Debonair
28.8%
1961Carry Back
28.7%
1914Old Rosebud
28.5%
Year Horse % Correct
1879Lord Murphy
28.5%
1886Ben Ali
28.4%
1909Wintergreen
28.2%
1880Fonso
28.2%
1960Venetian Way
28.2%
1927Whiskery
28.2%
1939Johnstown
28.1%
1921Behave Yourself
28.1%
1954Determine
28%
1928Reigh Count
27.9%
1936Bold Venture
27.9%
1917Omar Khayyam
27.8%
1908Stone Street
27.6%
1933Brokers Tip
27.6%
1889Spokane
27.6%
1892Azra
27.5%
1922Morvich
27.4%
1926Bubbling Over
27.3%
1929Clyde Van Dusen
27.3%
1896Ben Brush
27.3%
1950Middleground
27.1%
1890Riley
27%
1885Joe Cotton
27%
1934Cavalcade
26.9%
1897Typhoon II
26.8%
1902Alan-a-Dale
26.6%
1942Shut Out
26.5%
1891Kingman
26.5%
1900Lieutenant Gibson
26.3%
1894Chant
26.2%
1952Hill Gail
26.1%
1940Gallahadion
26.1%
1884Buchanan
25.8%
1912Worth
25.8%
1906Sir Huon
25.7%
1887Montrose
25.5%
1883Leonatus
25.5%
1938Lawrin
25.3%
1910Donau
25.3%
1895Halma
25%
1898Plaudit
25%
1903Judge Himes
24.7%
1905Agile
24.7%
1893Lookout
24.5%
1904Elwood
24.3%
1911Meridian
24%
1901His Eminence
24%
1899Manuel
23.5%

You're not logged in!

Compare scores with friends on all Sporcle quizzes.
Join for Free
OR
Log In

You Might Also Like...

Show Comments

Extras

Top Quizzes Today


Score Distribution

Your Account Isn't Verified!

In order to create a playlist on Sporcle, you need to verify the email address you used during registration. Go to your Sporcle Settings to finish the process.

Report this User

Report this user for behavior that violates our Community Guidelines.

Details: